Κατάλογος Βιβλιοθηκών Mediterranean College

Η Κουλτούρα των Μέσων / Μαζική Κοινωνία και Πολιτιστική Βιομηχανία (Record no. 2366)

MARC details
000 -LEADER
fixed length control field 01799cam a22002054a 4500
005 - ΗΜΕΡΟΜΗΝΙΑ ΚΑΙ ΩΡΑ ΤΕΛΕΥΤΑΙΑΣ ΕΝΗΜΕΡΩΣΗΣ
Πεδίο ελέγχου 20250605164039.0
008 - FIXED-LENGTH DATA ELEMENTS--GENERAL INFORMATION
Πεδίο ελέγχου σταθερού μήκους 250528s ||||||||||||||||||||||||d
035 ## - SYSTEM CONTROL NUMBER
System control number 16917
040 ## - ΠΗΓΗ ΚΑΤΑΛΟΓΟΓΡΑΦΗΣΗΣ
Φορέας πρωτότυπης καταλογογράφησης MC Athens Campus Library
Γλώσσα καταλογογράφησης Ελληνικά, Μοντέρνα (1453-)
Modifying agency MC Athens Campus Library
Κανόνες περιγραφικής καταλογογράφησης AACR2
245 1# - ΤΙΤΛΟΣ ΚΑΙ ΔΗΛΩΣΗ ΥΠΕΥΘΥΝΟΤΗΤΑΣ
Τίτλος Η Κουλτούρα των Μέσων / Μαζική Κοινωνία και Πολιτιστική Βιομηχανία
250 ## - EDITION STATEMENT
Edition statement
260 ## - PUBLICATION, DISTRIBUTION, ETC.
Name of publisher, distributor, etc. Αλεξάνδρεια,
Date of publication, distribution, etc. 1991
300 ## - PHYSICAL DESCRIPTION
Extent 304
520 ## - SUMMARY, ETC.
Summary, etc. Εισαγωγή, Η Περιττή Διασκέδαση, Για να Απολαύουμε της εκτιμήσεως του Πλήθους, Αποκάλυψη (Ανοιχτή Επιστολή στο Κοινό), Εκείνη η Γλοιώδης Κοινωνική Ομάδα, Το Πάθος για Γλυκύτητα και Φως, Μια Θεωρία της Μαζικής Κουλτούρας, Η Αριστοκρατική Ρίζα, Η Τηλεόραση και η Διαμόρφωση της Μαζικής Κουλτούρας, Αυτός ο Άλλος Κόσμος ήταν Εκείνος της Τέχνης, Κοινωνία και Κουλτούρα, Η Μαζική Κοινωνία και η Κουλτούρα της, Τα Μαζικά Μέσα και η Δομή της Αμερικανικής Κοινωνίας, Η Νέα Αισθαντικότητα, Διαμάχη για τις Επικοινωνίες, Η Εισβολή της Φωτογραφίας, Η Μαζική Αντίδραση του Κοινού, Το Πνεύμα των Καιρών, Η Κουλτούρα των Μαζικών Μέσων, Τίτλοι και Πηγές Πρωτοτύπων.
700 1# - ΠΡΟΣΘΕΤΗ ΑΝΑΓΡΑΦΗ--ΦΥΣΙΚΟ ΠΡΟΣΩΠΟ
Personal name Λιβιεράτος Κώστας
9 (RLIN) 3010
700 1# - ΠΡΟΣΘΕΤΗ ΑΝΑΓΡΑΦΗ--ΦΥΣΙΚΟ ΠΡΟΣΩΠΟ
Personal name Φραγκούλης Τάκης
9 (RLIN) 3011
942 ## - ADDED ENTRY ELEMENTS (KOHA)
Koha item type Books
Holdings
Τύπος τεκμηρίου Βιβλιοθήκη Τρέχουσα τοποθεσία Barcode Αριθμός εισαγωγής Ημερομηνία απόκτησης Ταξιθετικό σύμβολο Αριθμός αντιτύπου Κατάσταση απόσυρσης Κατάσταση χαμένου Κατάσταση κατεστραμμένου Μη δανεισμός Σύνολο δανεισμών Ημερομηνία τελευταίας εμφάνισης Η τιμή ισχύει από
Books MC Athens Campus Library MC Athens Campus Library 9780000023650 5574 05/06/2025 306.4 LIB 1           05/06/2025 05/06/2025

MC Athens Campus Library
Πατησίων 94 & Κοδριγκτώνος 13, 104 34
Πελλήνης 8 & Πατησίων 107, 112 51
Τ: +30 210 8899600

MC Thessaloniki Campus Library
Ίωνος Δραγούμη 21, 54625 | Ίωνος Δραγούμη 15, 54625
Τ: +30 2310 287779 – Τ: +30 2314 440300